| 000 | 00763nam a2200181 a 4500 | ||
|---|---|---|---|
| 008 | 130806s2006 ||||||||||||||||| || u | ||
| 020 | _a9780323057271 | ||
| 050 | _aRC 731.D47 Jar | ||
| 100 | _aJardins, Terry Des | ||
| 245 | 1 | 0 |
_aClinical manifestations and assessment of respiratory disease. (6th ed.) _cby Terry Des Jardins and George G. Burton |
| 250 | _a6th ed. | ||
| 260 |
_aMissouri: _bMosby Elsevier _c2006 |
||
| 300 | _axviii, 572p.: ill. | ||
| 650 | _aRESPIRATORY ORGANS--DISEASES--DIAGNOSIS | ||
| 650 | _aRESPIRATORY ORGANS--DISEASES | ||
| 700 | _aBurton, George G. | ||
| 995 |
_aMEDICAL LIBRARY OPEN ACCESS _e902305 _FCBU-SCHOOL OF MEDICINE LIBRARY (Ndola) _jRC 731.D47 Jar _M1 _UAVAILABLE _WAug 22, 2013 _y902305 _ZMedical Library Open Access Collection |
||
| 999 |
_c31028 _d31028 |
||